| 000 | 00827nam a2200289Ia 4500 | ||
|---|---|---|---|
| 003 | OSt | ||
| 005 | 20221006142641.0 | ||
| 006 | a|||||r|||| 00| 0 | ||
| 007 | ta | ||
| 008 | 221006b |||||||| |||| 00| 0 eng d | ||
| 020 | _c591.00 | ||
| 024 | _a6,843 | ||
| 037 | _cTextual | ||
| 040 |
_aEASL _cEASL _beng |
||
| 041 |
_2eng _aeng |
||
| 082 | _aY:1.49B.N8, M6 | ||
| 100 |
_aBAARK Erik Ed. _9129827 |
||
| 245 | 0 | _aTechnological development in China, India and Japan Cross cultural perspectives | |
| 260 |
_aLondon _bMacmillan _c1986 |
||
| 300 |
_a264p. _ccm. |
||
| 490 | _v JEL | ||
| 650 |
_a East Asian civilization _9648073 |
||
| 650 | _aJEL | ||
| 700 |
_a JAMISON Anderw Ed. _9648074 |
||
| 942 |
_hY:1.49B.N8, M6 _cTEXL _2CC |
||
| 999 |
_c1074929 _d1074929 |
||